000 00491nam a2200193 a 4500
001 1770813380398
003 YourLibrary
005 20260211180754.0
008 260211s2006##################000#0#eng##
020 _a9781403993427
082 0 4 _a306.7
_bSTE
100 1 _aStebbins, Michael,
_eauthor.
245 1 0 _aSex, Drugs and DNA :
260 _bPalgrave Macmillan,
_c2006.
300 _a360 pages
650 0 _aScience.
942 _cENGLISH
040 _aYourLibrary
_beng
_cYourLibrary
999 _c611915
_d611915